Abolition of the posts of commissioners in Madhya Pradesh and their revival (Record no. 502117)

000 -LEADER
fixed length control field 00475cam a22001337a 4500
008 - FIXED-LENGTH DATA ELEMENTS--GENERAL INFORMATION
fixed length control field 180718b1967 xxu||||| |||| 00| 0 eng d
082 ## - DEWEY DECIMAL CLASSIFICATION NUMBER
Classification number B67x5422 In2
100 ## - MAIN ENTRY--PERSONAL NAME
Personal name Avasthi, A.
245 ## - TITLE STATEMENT
Title Abolition of the posts of commissioners in Madhya Pradesh and their revival
Statement of responsibility, etc. by A. Avasthi
260 ## - PUBLICATION, DISTRIBUTION, ETC.
Place of publication, distribution, etc. New Delhi
Name of publisher, distributor, etc. Indian Institute of Public Administration
Date of publication, distribution, etc. 1967
300 ## - PHYSICAL DESCRIPTION
Extent 51p.
440 ## - SERIES STATEMENT/ADDED ENTRY--TITLE
Title Committee on case studies
650 ## - SUBJECT ADDED ENTRY--TOPICAL TERM
Topical term or geographic name entry element Government departments - India - Madhya Pradesh
Holdings
Withdrawn status Lost status Damaged status Not for loan Permanent Location Current Location Date acquired Full call number Barcode Date last seen Price effective from Koha item type
        Indian Institute of Public Administration Indian Institute of Public Administration 2018-08-04 B67x5422 In2 GR7682 2018-08-04 2018-08-04 GR

Powered by Koha